Fr. Conceicao Rodrigues College of Engineering

Responsive web design by Example:Begineers Guide (Record no. 25032)

MARC details
000 -LEADER
fixed length control field 00360nam a2200169Ia 4500
082 ## - DEWEY DECIMAL CLASSIFICATION NUMBER
Classification number 4.65
Item number FIR
100 ## - MAIN ENTRY--PERSONAL NAME
Personal name Firdaus/Thoriq
245 ## - TITLE STATEMENT
Title Responsive web design by Example:Begineers Guide
260 ## - PUBLICATION, DISTRIBUTION, ETC.
Name of publisher, distributor, etc. PACKT
Date of publication, distribution, etc. 2013
366 ## - TRADE AVAILABILITY INFORMATION
Publishers's discount category 20
300 ## - PHYSICAL DESCRIPTION
Extent 317
546 ## - LANGUAGE NOTE
Language note ENGLISH
650 ## - SUBJECT ADDED ENTRY--TOPICAL TERM
Topical term or geographic name entry element web design
654 ## - SUBJECT ADDED ENTRY--FACETED TOPICAL TERMS
Focus term web design
942 ## - ADDED ENTRY ELEMENTS (KOHA)
Koha item type BOOK
Holdings
Withdrawn status Lost status Damaged status Not for loan Collection Home library Current library Date acquired Source of acquisition Cost, normal purchase price Inventory number Total Checkouts Full call number Barcode Date last seen Cost, replacement price Price effective from Koha item type
        CRC Fr. Agnel's C.Rodrigues College of Engineering Fr. Agnel's C.Rodrigues College of Engineering 17/03/2023 Allied Publisher 799.20 354 dt 10.07.2018   4.65 FIR 25319 17/03/2023 999.00   BOOK
        CRC Fr. Agnel's C.Rodrigues College of Engineering Fr. Agnel's C.Rodrigues College of Engineering 17/03/2023 Allied Publisher 799.20 354 dt 10.07.2018   4.65 FIR 25320 17/03/2023 999.00   BOOK
        CRC Fr. Agnel's C.Rodrigues College of Engineering Fr. Agnel's C.Rodrigues College of Engineering 17/03/2023 Allied Publisher 799.20 354 dt 10.07.2018   4.65 FIR 25321 17/03/2023 999.00   BOOK